000 00248nam a2200097Ia 4500
001 932859
005 20250826214934.0
008 250824s9999 xx 000 0 und d
245 0 _aFATİH SULTAN MEHMET
_cYAVUZ BAHADIROĞLU
260 _bPANAMA YAYINLARI
999 _c932859
_d932859